Eastern Utah Libraries Catalog: Duchesne, Heber, Roosevelt, & Vernal

The good wife : the first season / (Record no. 324263)

MARC details
000 -LEADER
fixed length control field 03072cgm a2200613Mi 4500
001 - CONTROL NUMBER
control field ocn907027290
003 - CONTROL NUMBER IDENTIFIER
control field OCoLC
005 - DATE AND TIME OF LATEST TRANSACTION
control field 20251212114409.0
007 - PHYSICAL DESCRIPTION FIXED FIELD--GENERAL INFORMATION
fixed length control field vd ugaizu
008 - FIXED-LENGTH DATA ELEMENTS--GENERAL INFORMATION
fixed length control field 100723s2010 cau996 g vleng d
020 ## - INTERNATIONAL STANDARD BOOK NUMBER
International Standard Book Number 9786313742745
020 ## - INTERNATIONAL STANDARD BOOK NUMBER
International Standard Book Number 6313742745
024 7# - OTHER STANDARD IDENTIFIER
Standard number or code 00097368952942
Source of number or code gtin-14
024 1# - OTHER STANDARD IDENTIFIER
Standard number or code 097368952942
028 42 - PUBLISHER NUMBER
Publisher number 895294
Source CBS DVD/Paramount
035 ## - SYSTEM CONTROL NUMBER
System control number (OCoLC)907027290
040 ## - CATALOGING SOURCE
Original cataloging agency AZH
Language of cataloging eng
Description conventions rda
Transcribing agency AZH
Modifying agency OCLCO
-- OCLCF
-- OCLCO
-- OCLCQ
-- OCLCO
-- OCL
-- OCLCO
-- OCLCQ
-- WACOL
041 1# - LANGUAGE CODE
Language code of text/sound track or separate title eng
Language code of original and/or intermediate translations of text eng
049 ## - LOCAL HOLDINGS (OCLC)
Holding library WACL
092 ## - LOCALLY ASSIGNED DEWEY CALL NUMBER (OCLC)
Classification number DVD
Item number Goo
245 04 - TITLE STATEMENT
Title The good wife : the first season /
250 ## - EDITION STATEMENT
Edition statement Widescreen.
264 #1 - Production, Publication, Distribution, Manufacture, and Copyright Notice.
Place of production, publication, distribution, manufacture Hollywood, California :
Name of producer, publisher, distributor, manufacturer CBS DVD/Paramount,
Date of production, publication, distribution, manufacture, or copyr [2010]
-- ©2010.
264 #1 - Production, Publication, Distribution, Manufacture, and Copyright Notice.
Name of producer, publisher, distributor, manufacturer Universal Studios Home Entert.
Place of production, publication, distribution, manufacture CBS Television Studios ; Paramount ; created by Michelle King, Robert King ; produced by Bernadette Caulfield ; written by Michelle King, Robert King, Dee Johnson, Todd Ellis Kessler, Ted Humphrey [and others] ; directed by Charles McDougall, Scott Ellis, Daniel Minahan, Gloria Muzo, Rod Holcomb [and others].
Date of production, publication, distribution, manufacture, or copyr 2010
300 ## - PHYSICAL DESCRIPTION
Extent 6 videodiscs (approximately 16 hr., 36 min.) :
Other physical details sound, color ;
Dimensions 4 3/4 in.
336 ## - Content Type
Content type term two-dimensional moving image
337 ## - Media type
Media type term video
338 ## - Carrier type
Carrier type term videodisc
500 ## - GENERAL NOTE
General note Dolby digital 5.1, anamorphic wide screen 1.77:1.
500 ## - GENERAL NOTE
General note Features: deleted scenes with commentary; on-air promos; The education of Alicia Florrick making season one; Aftermath : real-life events; cast and crew commentaries.
505 0# - FORMATTED CONTENTS NOTE
Formatted contents note Disc 1: Pilot -- Stripped -- Home -- Fixed ; Disc 2: Crash -- Conjugal -- Unorthodox -- Unprepared ; Disc 3: Threesome -- Lifeguard -- Infamy -- Painkiller ; Disc 4: Bad -- Hi -- Bang -- Fleas ; Disc 5: Heart -- Doubt -- Boom -- Mock ; Disc 6: Unplugged -- Hybristophilia -- Running.
511 1# - PARTICIPANT OR PERFORMER NOTE
Participant or performer note Julianna Margulies, Matt Czuchry, Archie Panjabi, Josh Charles, Christine Baranski, Chris Noth.
518 ## - DATE/TIME AND PLACE OF AN EVENT NOTE
Date/time and place of an event note Originally broadcast on television 2009-2010.
520 ## - SUMMARY, ETC.
Summary, etc Follows a politician's wife who pursues her own career as a defense attorney after her husband is sent to jail on charges of corruption.
521 ## - TARGET AUDIENCE NOTE
Target audience note Not rated.
521 ## - TARGET AUDIENCE NOTE
Target audience note DVD
Source Midwest Tape
540 ## - TERMS GOVERNING USE AND REPRODUCTION NOTE
Terms governing use and reproduction For private home use only.
546 ## - LANGUAGE NOTE
Language note In English with optional Portuguese or Spanish subtitles.
546 ## - LANGUAGE NOTE
Language note Subtitled for the deaf and hard of hearing.
650 #0 - SUBJECT ADDED ENTRY--TOPICAL TERM
Topical term or geographic name as entry element Women lawyers
Form subdivision Fiction.
9 (RLIN) 5678703
650 #0 - SUBJECT ADDED ENTRY--TOPICAL TERM
Topical term or geographic name as entry element Trials
Form subdivision Fiction.
9 (RLIN) 5690911
650 #0 - SUBJECT ADDED ENTRY--TOPICAL TERM
Topical term or geographic name as entry element Spouses
Form subdivision Fiction.
9 (RLIN) 5686617
650 #0 - SUBJECT ADDED ENTRY--TOPICAL TERM
Topical term or geographic name as entry element Television programs.
9 (RLIN) 6019658
650 #7 - SUBJECT ADDED ENTRY--TOPICAL TERM
Topical term or geographic name as entry element Spouses.
Source of heading or term fast
9 (RLIN) 6019659
650 #7 - SUBJECT ADDED ENTRY--TOPICAL TERM
Topical term or geographic name as entry element Television programs.
Source of heading or term fast
9 (RLIN) 6019658
650 #7 - SUBJECT ADDED ENTRY--TOPICAL TERM
Topical term or geographic name as entry element Trials.
Source of heading or term fast
9 (RLIN) 6019660
650 #7 - SUBJECT ADDED ENTRY--TOPICAL TERM
Topical term or geographic name as entry element Women lawyers.
Source of heading or term fast
9 (RLIN) 6019661
655 #7 - INDEX TERM--GENRE/FORM
Genre/form data or focus term Fiction.
Source of term fast
9 (RLIN) 5673940
700 1# - ADDED ENTRY--PERSONAL NAME
Personal name Margulies, Julianna,
Dates associated with a name 1966-
Relator term actor.
Relator code act
9 (RLIN) 65490
700 1# - ADDED ENTRY--PERSONAL NAME
Personal name McDougall, Charles,
Relator term director.
Relator code drt
9 (RLIN) 5773524
700 1# - ADDED ENTRY--PERSONAL NAME
Personal name Ellis, Scott,
Relator term director.
Relator code drt
9 (RLIN) 6019662
942 ## - ADDED ENTRY ELEMENTS (KOHA)
Koha item type DVD
Source of classification or shelving scheme Dewey Decimal Classification
948 ## - LOCAL PROCESSING INFORMATION (OCLC); SERIES PART DESIGNATOR (RLIN)
Series part designator, SPT (RLIN) 02/06/2020
z (OCLC) Sirsi
Holdings
Withdrawn status Lost status Source of classification or shelving scheme Materials specified (bound volume or other part) Damaged status Not for loan Collection code Home library Current library Shelving location Date acquired Source of acquisition Cost, normal purchase price Total Checkouts Total Renewals Full call number Barcode Date last seen Date checked out Cost, replacement price Price effective from Koha item type
    Dewey Decimal Classification .CIRCNOTE. 6 discs     Television Series Wasatch County Library Wasatch County Library Audio Visual Area 02/06/2020   14.99 8 4 TV Series Goodwife #1 34301001676925 03/18/2025 03/07/2025 14.99 03/20/2020 DVD Series
This project was made possible through a grant from the Institute of Museum and Library Service administered by the Utah State Library Division.

Wasatch County Library

  • 465 East 1200 South, Heber City, Utah 84032
  • Phone 435-654-1511 | Fax 435-654-6456

Hours

  • Monday - Friday 9:30 AM - 8:00 PM
  • Saturday 9:30 AM - 1:30 PM
  • Closed Sundays and Holidays